000 00559nam a2200181Ia 4500
005 20250326141403.0
008 250326s9999 xx 000 0 und d
037 _aTextbook
040 _aFMSL
_beng
_cFMSL
041 _aeng
_2eng
084 _aX:9N91S N1
_qFMSL
100 _aIndia Govt OF .. Ministry OF Labour
_9744327
245 0 _aHand Book of labour statistics 1991
_cIndia Govt OF .. Ministry OF Labour
260 _aSimla
_bSimla, Ministry of Labour
_c1991
300 _a149p
942 _cTB
_hX:9N91S N1
999 _c1290065
_d1290065